Disney princes princesses to their villain - Statistics

General Stats
  • This quiz has been taken 173 times
    168 since last reset
  • The average score is 16 of 22
Answer Stats
VILLAIN PRINCESS PRINCE % Correct
Jafar Jasmine Aladdin
96%
Ursula Ariel Prince Eric
95%
Gaston Belle Beast
95%
The Evil Queen Snow White Prince Florian
95%
Lady Tremaine (Evil Stepmother) Cinderella Prince Charming
93%
Shan Yu Mulan Li Shang
93%
Maleficent Aurora Prince Philip
92%
Mother Gothel Rapunzel Eugene Fitzherbert (Flynn Rider)
89%
Ratcliffe Pocahontas John Smith
87%
Hans Anna Kirstoff
86%
Te Ka Moana Maui
86%
Scar Nala Simba
86%
Clayton Jane Tarzan
82%
Dr. Facilier Tiana Prince Naveen
82%
Captain Hook Tinkerbell Peter Pan
71%
Hades Megara Hercules
67%
Mor'du Merida
56%
Cruella De'vil Perdita Pongo
39%
Prince John Maid Marian Robin Hood
37%
Edgar Balthazar Duchess Thomas O'Malley
31%
Skinner Colette Linguini
26%
Commander Lyle Tiberius Rourke Kidagakash "Kida" Nedakh Milo
1%
No matching quizzes found
Score Distribution
Percent of People with Each Score
Percentile by Number Answered
Your Score History
You have not taken this quiz since the last reset